Statistics for All Five Nights at Freddy's Characters

Click here to take the quiz!

General Stats

  • This quiz has been taken 2,501 times
    (810 since last reset)
  • The average score is 60 of 188

Answer Stats

HintAnswer% Correct
FNaF 1Freddy Fazbear
99%
FNaF 1Bonnie
96%
FNaF 1Chica
96%
FNaF 1Foxy
96%
FNaF 2Golden Freddy
92%
FNaF 1Golden Freddy
90%
FNaF 2Toy Freddy
73%
FNaF 2Mangle
72%
FNaF 2Toy Bonnie
71%
FNaF 2Toy Chica
71%
FNaF 3Springtrap
70%
FNaF 4Nightmare
66%
FNaF 2William Afton
66%
FNaF 2Withered Freddy
65%
FNaF 2Withered Bonnie
64%
FNaF 2Withered Chica
64%
FFPSScraptrap
62%
FNaF 2Withered Foxy
61%
FNaF 2Marionette
59%
FNaF 4Nightmare Chica
59%
FNaF 4Nightmare Freddy
59%
FNaF SLCircus Baby
58%
FNaF 4Nightmare Bonnie
58%
FNaF 1 | FNaF 2Phone Guy
58%
FNaF SLBallora
57%
FNaF SL | FNaF WorldFuntime Foxy
56%
FNaF 2RWQFSFASXC
56%
FNaF 2Shadow Freddy
56%
FNaF SLFuntime Freddy
55%
FNaF 2BB
54%
FNaF 4Nightmare Foxy
54%
FNaF 3Phantom Freddy
53%
FNaF SBGlamrock Freddy
51%
FNaF 3Phantom Chica
51%
FNaF 2JJ
50%
FNaF 3Phantom Foxy
50%
FNaF 4Fredbear
48%
FNaF SBGlamrock Chica
48%
FNaF 4Crying Child
47%
FNaF SLEnnard
47%
FNaF SLMichael Afton
46%
FNaF 4Plushtrap
45%
FNaF SLBon-Bon
44%
FNaF 4Nightmare Fredbear
44%
FNaF 4Nightmarionne
44%
FNaF 3Phantom Mangle
44%
FNaF 3Spring Bonnie
44%
FNaF 1Endo-01
43%
FNaF SBRoxanne Wolf
43%
FFPSLefty
42%
FNaF WorldPurpleguy
42%
FFPSRockstar Freddy
42%
FNaF SBVanessa
42%
FNaF SBVanny
42%
FNaF 2Crying Child
41%
FNaF SBGregory
41%
FNaF 3Phantom BB
41%
FFPSRockstar Chica
41%
FNaF 4Jack-O-Bonnie
40%
FNaF 4Jack-O-Chica
40%
FNaF 4Nightmare Mangle
40%
FFPSRockstar Bonnie
40%
FFPSRockstar Foxy
40%
FFPSFuntime Chica
39%
FNaF VRGlitchtrap
39%
FFPSMolten Freddy
39%
FNaF SBMontgomery Gator
39%
FNaF SL | FNaF WorldLolbit
38%
FNaF 1Mike Schmidt
38%
FNaF 4Nightmare BB
38%
FFPSScrap Baby
38%
FNaF 2Endo-02
37%
FFPSMr. Hippo
37%
FNaF 3Phantom Marionette
37%
FNaF SLMinireena
36%
FNaF SLBonnet
35%
FFPSCassette Man
35%
FNaF SLElizabeth Afton
35%
FNaF SBMoon
35%
FNaF SBSun
35%
FNaF SBBurntrap
34%
FNaF SBGlamrock Bonnie
34%
FFPSHelpy
34%
FNaF VRJeremy
34%
FFPSMusic Man
34%
FNaF SLYenndo
34%
FFPSHappy Frog
33%
FNaF SLBidybab
32%
FNaF 4Freddle
31%
FFPSOrville Elephant
31%
FNaF SB: RuinThe Mimic
31%
FFPSEl Chip
30%
FFPSNedd Bear
30%
FNaF WorldDee Dee
29%
FNaF SLElectrobab
29%
FFPSPigpatch
29%
FNaF SB: RuinCassie
28%
FNaF 4Nightmare Cupcake
27%
FNaF SBDJ Music Man
26%
FNaF 1Mr. Cupcake
26%
FFPSMr. Hugs
26%
FNaF VRDreadbear
25%
FFPSNo. 1 Crate
25%
FFPSPan Stan
25%
FFPSBucket Bob
24%
FFPSCandy Cadet
24%
FNaF SB: RuinEclipse
23%
FFPSMr. Can-Do
23%
FNaF 2Paperpals
23%
FFPSSecurity Puppet
23%
FNaF WorldOld Man Consequences
22%
FNaF 2Toy Cupcake
22%
FNaF 2Jeremy Fitzgerald
21%
FNaF VRGrimm Foxy
20%
FNaF 3Phone Dude
20%
FFPSCharlotte
19%
FNaF VRPlushBaby
19%
FNaF 2Fritz Smith
18%
FFPSFruit Punch Clown
18%
FNaF SLHandUnit
18%
FFPSLemonade Clown
18%
FNaF SB | FNaF WorldTangle
16%
FFPSEgg Baby
15%
FNaF SBGlamrock Endo
15%
UCNX.O.R.
15%
FNaF WorldCoffee
13%
FFPSFuntime Cupcake
13%
FNaF 4Jack-O-Lantern
13%
FFPSPrize King
13%
FNaF 3Security Guard (FNaF 3)
13%
FNaF SBS.T.A.F.F. Bots
13%
FNaF SB: RuinHelpi
12%
FNaF VRNightmare Endo
12%
FFPSParrot
12%
FNaF 3Shadow BB
12%
FNaF 3Shadow Cupcake
12%
FNaF AR8-Bit Baby
11%
FNaF WorldAnimdude
11%
FNaF 3Golden Cupcake
11%
FNaF VRTape Girl
11%
FNaF VRDark Freddy
10%
FNaF 4Fredbear Plush
10%
FNaF ARFreddy Frostbear
10%
FNaF SBGlamrock Mr. Hippo
10%
FNaF SLMagician
10%
FNaF WorldMendo
10%
FNaF SLMinireena 2
10%
FNaF 1Missing Children
10%
FNaF 3Shadow Marionette
10%
FNaF SB: RuinThe Entity
10%
FNaF WorldEndoplush
9%
FNaF SLLittle Joe
9%
FNaF VRNeon Bonnie
9%
FNaF VRNeon Chica
9%
FNaF VRShadow Mangle
9%
FNaF WorldWhite Rabbit
9%
FNaF 1 (Unused)Beaver
8%
FFPSGumball Swivelhands
8%
FNaF WorldMr. Chipper
8%
FNaF VRParty Freddy
8%
FNaF VRThe Princess
8%
FNaF 1 (Unused)Wolf
8%
FNaF VRBurnt Foxy
7%
FNaF VRDark Foxy
7%
FNaF SLHuman Heads
7%
FNaF SBLil' Music Man
7%
FNaF SLTechnicians
7%
FNaF WorldBouncepot
6%
FNaF SLFuntime/Springlock Suit
6%
FNaF SB: RuinPrototype Glamrock Freddy
6%
FNaF WorldVirtua-Freddy
6%
FNaF WorldDesk Man
5%
FNaF SLFortune Teller
5%
FNaF SBGiant Cupcake
5%
FFPSNeon Jukebox
5%
FNaF VRScrap PlushBaby
5%
FFPSTutorial Unit
5%
FNaF VRPlushKin
4%
FNaF VR (Unused)Beacon Bonnie
3%
FNaF VR (Unused)Burnt Freddles
3%
FNaF SBCaution Bot
3%
FNaF SLFemale Computer Voice
3%
FNaF SBNightmarionne S.T.A.F.F. Bots
3%
FNaF VR (Unused)Babytrap
2%

Score Distribution

Percentile by Number Answered

Percent of People with Each Score

Your Score History

You have not taken this quiz since the last reset